01510nam a2200337 a 4500001001000000003000500010005001700015008004100032010001100073011001100084040000900095090001000104100003700114245019600151260004100347500006000388502008900448590004000537590004000577590004000617650004300657650005600700650003800756856007000794901000700864942001000871942000600881999001900887952013100906952013501037000113305CHAP20220329144348.0170602s2016 mx sm |||||||spa d a109766 a110738 cCHAP aTesis1 aSalinas Salinas, César913246810aEvaluación financiera para una unidad de producción de árboles de navidad (Abies hickelii), en San Miguel Suchixtepec, Miahuatlán, Oaxaca /h[En línea]cpor César Salinas Salinas. aChapingo, Méx. :bEl autor,c2016. aPara ver el contenido del material haga clic en la liga aTesis (Ing. en Economía Agrícola) -- UACH. Departamento de Economía Agrícola aE8697GMMb05c20170602lUCH01h1435 aE8697GMMb05c20170602lUCH01h1501 aE8697GMMb05c20170605lUCH01h084414aÁrboles de navidadxMercadeo.98244414aÁrboles de navidadxProducciónzOaxaca.913246914aPlantación de árboles.988782 aFinding aiduhttp://10.13.5.2/tesis/sist113305.pdfzTeclea aquí aBK cTESIS n0 c109766d109766 00104054718TESISaBCbBCd2017-06-02fTESISl0oTesisp113307-10r2019-12-31 00:00:00w2019-12-31yTESISzRecien adquirido 00102local4053708TESISaBCbBCcPA_TESISd2017-06-02fTESISl0oTesisp113307-20r2019-12-31 00:00:00tc.2w2019-12-31yTESIS